<?xml version="1.0" encoding="utf-8"?>
<?xml-stylesheet type='text/xsl' href='./oai2.xsl'?>
<OAI-PMH xmlns="http://www.openarchives.org/OAI/2.0/" xmlns:xsi="http://www.w3.org/2001/XMLSchema-instance" xsi:schemaLocation="http://www.openarchives.org/OAI/2.0/ http://www.openarchives.org/OAI/2.0/OAI-PMH.xsd">
  <responseDate>2026-05-15T18:15:43Z</responseDate>
  <request verb="GetRecord" metadataPrefix="marcxml" identifier="record_kuniweb_1442071">https://kulturerbe.niedersachsen.de/oai</request>
  <GetRecord>
    <record>
      <header>
        <identifier>record_kuniweb_1442071</identifier>
        <datestamp>2026-03-31T19:09:18Z</datestamp>
        <setSpec>slg0220</setSpec>
      </header>
      <metadata>
        <marc:record xmlns:marc="http://www.loc.gov/MARC21/slim" xsi:schemaLocation="http://www.loc.gov/MARC21/slim http://www.loc.gov/standards/marcxml/schema/MARC21slim.xsd">
          <marc:leader>12345nrm  22     uu 4500</marc:leader>
          <marc:controlfield tag="001">1442071</marc:controlfield>
          <marc:controlfield tag="003">http://kuniweb.gbv.de</marc:controlfield>
          <marc:controlfield tag="005">2021-12-15T09:28:01</marc:controlfield>
          <marc:controlfield tag="008">|           ||||||||||||||||||||||</marc:controlfield>
          <marc:datafield tag="245" ind1="1" ind2="0">
            <marc:subfield code="a">Messer
Buchholz FStNr. 53</marc:subfield>
          </marc:datafield>
          <marc:datafield tag="655" ind1=" " ind2="7">
            <marc:subfield code="a">Archäologie</marc:subfield>
          </marc:datafield>
          <marc:datafield tag="046" ind1=" " ind2=" ">
            <marc:subfield code="k">-1099</marc:subfield>
            <marc:subfield code="k">jüngere Bronzezeit</marc:subfield>
            <marc:subfield code="l">-0899</marc:subfield>
          </marc:datafield>
          <marc:datafield tag="260" ind1=" " ind2=" ">
            <marc:subfield code="g">-1099</marc:subfield>
            <marc:subfield code="g">-0899</marc:subfield>
            <marc:subfield code="g">jüngere Bronzezeit</marc:subfield>
          </marc:datafield>
          <marc:datafield tag="300" ind1=" " ind2=" ">
            <marc:subfield code="a">Länge: 30,7 cm
Höhe: 3,4 cm (Klinge)
Dicke: 0,4 cm (Klinge)</marc:subfield>
          </marc:datafield>
          <marc:datafield tag="520" ind1=" " ind2=" ">
            <marc:subfield code="a">Bei Objekt handelt es sich um ein bronzezeitliches Vollgriffmesser mit doppelt T-förmigem Griff. Von diesem Typ sind bislang 14 Exemplare bekannt. Sie stammen aus Nordwestdeutschland, den nördlichen Niederlanden und Dänemark. Derartige Vollgriffmesser weisen eine sehr individuelle Gestaltung auf. Diese Individualität ist u.a. der Gusstechnik geschuldet, da bislang alle bekannten Exemplare nach dem Wachsausschmelzverfahren in der verlorenen Form gefertigt wurden, d.h. es wurde anfänglich ein Messer aus Wachs gefertigt, das man mit Lehm ummantelte. Beim Brennen und Härten des Lehms schmolz das Wachs. Nun konnte man Bronze in die Form gießen, die man anschließend zerschlagen muss, um an das fertige Objekt zu gelangen.
Eine Öffnung am Knaufende deutet darauf hin, dass man dort eine besondere Verzierung angebracht hatte, die sich nicht mehr erhalten hat. Aufgrund der eher zierlichen Handhabe werden die Messer dieses Typs bisweilen als Kultgerät oder als Statussymbol angesprochen.  
Das Buchholzer Exemplar wurde vom Hobbyarchäologen Gerald Neumann zusammen mit anderen Bronzegegenständen gefunden, die vermuten lassen, dass es sich um einen ehemaligen Grabfund im Umfeld älterer Grabhügel handelt. (Stefan Hesse 12/2021)

Ausgrabungs- / Untersuchungsdatum: 2014</marc:subfield>
          </marc:datafield>
          <marc:datafield tag="650" ind1="1" ind2=" ">
            <marc:subfield code="a">Werkzeug, Gerät &gt; Messer</marc:subfield>
          </marc:datafield>
          <marc:datafield tag="773" ind1="0" ind2=" ">
            <marc:subfield code="t">Archäologische Funde aus dem Landkreis Rotenburg (Wümme)</marc:subfield>
          </marc:datafield>
          <marc:datafield tag="852" ind1=" " ind2=" ">
            <marc:subfield code="a">Kreisarchäologie Rotenburg</marc:subfield>
          </marc:datafield>
          <marc:datafield tag="852" ind1=" " ind2=" ">
            <marc:subfield code="a">Buchholz (Vorwerk, Tarmstedt, Rotenburg (Wümme), Niedersachsen)</marc:subfield>
          </marc:datafield>
          <marc:datafield tag="" ind1=" " ind2=" ">
            <marc:subfield code="a">Namensnennung - Weitergabe unter gleichen Bedingungen 4.0 International (CC BY-SA 4.0)</marc:subfield>
          </marc:datafield>
        </marc:record>
      </metadata>
    </record>
  </GetRecord>
</OAI-PMH>
